000 00910nam a2200289 i 4500
003 EG-GICUC
005 20260221083023.0
008 260221s1976 it ||||fr|||| 00| 0 ita d
040 _aEG-GiCUC
_beng
_cEG-GiCUC
_dEG-GiCUC
_erda
082 0 4 _221
_a341.8
_bVI . C
092 0 4 _221
099 _aLaw1 12 341.8 VI . C 1976
100 1 _aVitta, Edoardo
_eAuthor.
245 1 0 _aCorso Di Diritto Internazionale Privato E Processuale /
_cEdoardo Vitta.
264 1 _aTorino :
_bUnione Tipografico-editrice Torinese,
_c1976.
300 _a316pages :
_billustrations,
_c24 cm
336 _2rda content
_atext
337 _2rda media
_aComputer
338 _2rda carrier
_aOnline Resource
504 _a
546 _a Text in Italian
650 1 4 _aPrivate international law
_2
651 1 _2
856 4 0 _uhttps://fll.law.cu.edu.eg/fulltext/bks/B12-02821.pdf
905 _a50
942 _2ddc
_cBK
_e21
_n0
999 _c63926
_d63926